000 01323nam a22002897i 4500
999 _c23117
_d23117
003 AR-CdUCM
008 241108b20232023 pe||||| |||| 00| 0 spa d
020 _a978-612-490-487-5
040 _aMUNICIPALIDAD PROVINCIAL DEL CUSCO
_cBIBLIOTECA MUNICIPAL DEL CUSCO
041 _hspa
082 _a373.4 / A45
_bA45
100 _aAlosilla Robles, Washington
_912710
245 _aTips para abordar una tesis en Economía /
260 _aCusco :
_bConsultorÍa y Asesoría Atenea S.A.C
_c2023
300 _a94 páginas. :
_c24 cm
500 _zBibliografía: páginas 91-94
505 _aPosturas epistemológicas -- Escuelas de pensamiento económico -- La función de la variable -- Praxis cuantitativa: diseños ex post facto -- Praxis cualitativa: Método Delphi método de estudios del caso -- Control de calidad. Validez y confiabilidad de instrumentos -- Pruebas estadísticas para análisis de regresión lineal simple para el análisis de regresión lineal múltiple
650 _aInvestigación
_91940
650 _aMétodos
_950786
650 _aEpistemología
_915376
650 _aAnálisis
_92730
700 _aVera Muñoz, Estefany Lorena
_950787
700 _aAlvarez Negron, Juan Carlos
_950788
700 _aAceituno Huacani, Carlos
_949619
942 _2ddc
_cLIBROS
945 _apbj
_d08-11-2024